Institutionen literarischer Kultur in den Ostseestädten des 17. Jahrhunderts
| Titel: | Institutionen literarischer Kultur in den Ostseestädten des 17. Jahrhunderts : Danzig - Riga - Reval |
|---|---|
| Verfasser: | |
| In: |
Riga und der Ostseeraum, (2005), Seite 451-462 alle Artikel anzeigen |
| Veröffentlicht: | 2005 |
| Format: | Aufsatz |
| Sprache: | Deutsch |
X
alg: 39164156 001A $01999:11-11-16 001B $01999:15-05-21 $t21:01:12.000 001D $01999:11-11-16 001U $0utf8 001X $00 002@ $0Aox 003@ $0391641565 007A $0391641565 $aHEB 007T $0Herd79233 010@ $ager 011@ $a2005 021A $aInstitutionen literarischer Kultur in den Ostseestädten des 17. Jahrhunderts $dDanzig - Riga - Reval 028A $aKotarski $dEdmund 031A $h451-462 $j2005 039B $aIn $8--Aau--. Riga und der Ostseeraum. - Marburg : Verl. Herder-Institut, 2005. - VIII, 486 S.. - Ill., graph. Darst., Kt.. - ISBN 3-87969-319-6 $x200500000000000549 $9133615367 045F $a800 $eDDC23BSB 045F/01 $a800 045F/03 $g4798 045F/03 $g4382 045F/03 $g4796 045F/03 $g43832 lok: 39164156 78 exp: 39164156 78 1 #EPN 201B/01 $020-12-17 $t22:58:07.000 201U/01 $0utf8 203@/01 $0787736082 208@/01 $a11-11-16 $be 209A/01 $a/ $f000 $x00 220C/01 $aTitelaufnehmer: cs 244Z/01 $2Trx $#Prusy Wschodnie i Zachodnie $8--Trx--Ost- und Westpreußen $x01 $939113373X 244Z/01 $2Trx $#Latvija $#Lettland $#Łotwa $#Lotyšsko $8--Trx--Latvija $x02 $9391275879 244Z/01 $2Trx $#Estija $#Igaunija $#Estland $#Estonia $#Estonia $#Estónsko $#Estonsko $8--Trx--Eesti $x03 $9391237225 244Z/01 $#Danzig $#Ville Libre de Danzig $#Dantzig $#Ville Libre de Dantzig $#Freistaat Danzig $#Gdańsk $#Freie Stadt Danzig $#Urząd Miejski w Gdańsku $#Gyddanzyc $#Gedanum $#Dantiscum $74011039-4 $8--Tg1--Danzig $x04 $9085022225 244Z/01 $#Riga $#Rīga $#Ryga $#Riega $#Riga in Lieffland $#Rigae Livonum $#Rygae $#Righa $74050042-1 $8--Tg1--Riga $x05 $9085139726 244Z/01 $#Tallinn $#Tallin $#Reval $#Reval Tallinn $75093293-7 $8--Tg1--Tallinn $x06 $9045056455 244Z/01 $aGeschichte 1600-1700 $x07 244Z/01 $2Trx $#kirjandus üldine $#literatūra bendras $#literature general $#irodalom, általános $#literatura ogólnie $#literatúra všeobecne $#literatura všeobecně $#życie literackie $8--Trx--Literatur$gallgemein $x08 $9391365320 244Z/01 $2Trx $#linnad $#miestai $#towns $#városok $#miejscowości ogólnie $#dejiny miest $#dějiny měst $8--Trx--Städtewesen $x09 $9391381458 244Z/01 $2Trx $#trükikojad $#spaustuvės $#printing shops $#nyomdák $#drukarnie $#tlačiarne $#tiskárny $8--Trx--Druckereien $x10 $9391376055 244Z/01 $2Trx $#kirjastused $#leidyklos $#Publishing houses $#kiadók $#wydawnictwa $#nakladateľstvá $#nakladatelství $8--Trx--Verlage $x11 $9391358383 244Z/01 $2Trx $8--Trx--Einzelbeiträge $x12 $9391384570 245Z/01 $a11.08 $x01 247C/01 $82080>Marburg/Lahn, Herder-Institut, Forschungsbibliothek, Bibliographieportal $9336309341
| LEADER | 00000caa a22000002c 4500 | ||
|---|---|---|---|
| 001 | 391641565 | ||
| 003 | DE-603 | ||
| 005 | 20210515210112.0 | ||
| 007 | tu | ||
| 008 | 161111s2005 xx |||| | u00||u|ger c | ||
| 035 | |a (DE-599)HEB391641565 | ||
| 040 | |a DE-603 |b ger |c DE-603 |d DE-603 | ||
| 041 | |a ger | ||
| 082 | 0 | 4 | |8 1\u |a 800 |q DE-101 |2 23/BSB |
| 085 | |8 1\u |b 800 | ||
| 085 | |8 1\u |z 2 |s 4798 | ||
| 085 | |8 1\u |z 2 |s 4382 | ||
| 085 | |8 1\u |z 2 |s 4796 | ||
| 085 | |8 1\u |z 2 |s 43832 | ||
| 100 | 1 | |a Kotarski, Edmund | |
| 245 | 0 | 0 | |a Institutionen literarischer Kultur in den Ostseestädten des 17. Jahrhunderts |b Danzig - Riga - Reval |
| 264 | 0 | |c 2005 | |
| 773 | 0 | 8 | |i In |t Riga und der Ostseeraum |d Marburg : Verl. Herder-Institut, 2005 |h VIII, 486 S., Ill., graph. Darst., Kt. |z 3879693196 |g (2005), Seite 451-462 |w (DE-603)133615367 |
| 924 | 0 | |9 2080 |a (DE-603)787736082 |b DE-2080 |c HES |d d |g / | |


